| 000 | 01010 a2200193 4500 | ||
|---|---|---|---|
| 020 | _a0201328046 | ||
| 020 | _a9780201328042 | ||
| 082 | 0 | 4 | _a658.8 |
| 090 |
_c2213 _d2213 |
||
| 100 | 1 | _aLevinson, Jay Conrad. | |
| 245 | 1 | 0 |
_aGuerrilla marketing with technology unleashing the full potential of your small business / _cJay Conrad Levinson. |
| 260 |
_a[S.l.] : _bBasic Books, _c1997. |
||
| 300 |
_a224 p. ; _c24 cm. |
||
| 500 | _aPaperback. | ||
| 520 | _aGuerrilla Marketing with Technology shows entrepreneurs how virtually every aspect of a small business can be enhanced through technology--from creating and distributing newsletters to staying a head of industry trends. Includes a Glossary of key terms, an IQ quiz, case examples of pioneering companies, and more. Website promo. | ||
| 856 | 4 | 0 |
_3Amazon.com _uhttp://www.amazon.com/exec/obidos/ASIN/0201328046/chopaconline-20 |
| 856 | 4 | 0 |
_3Amazon customer reviews _uhttp://www.chopac.org/cgi-bin/tools/azrev.pl?q=0201328046 |
| 942 |
_aNBS _cBK _k658.8 LEV |
||
| 999 |
_c344715 _d344715 |
||